000 00508nam a2200169 i 4500
001 55020
003 ES-MaACL
007 t|
008 030911s1975 fr ||||1| fre d
100 0 _aDeleuze, Gilles,
_d1925-1995
_943377
245 1 0 _aKafka
_b: pour une litterature mineure /
_cGilles Deleuze, Félix Guattari.
260 _a[Paris] :
_bMinuit,
_c[1975]
300 _a159 p. ;
_c22 cm.
700 1 _aGuattari, Félix.
_960370
852 _aES-MaACL
_jE-9473
_bR.94218
999 _c55020
_d55020